|
|
|
|
| LEADER |
00000nam0a2200000 4500 |
| 001 |
290025 |
| 005 |
20231102000238.0 |
| 035 |
|
|
|a (RuTPU)RU\TPU\book\314554
|
| 090 |
|
|
|a 290025
|
| 100 |
|
|
|a 20150403d1983 m y0rusy50 ca
|
| 101 |
0 |
|
|a rus
|
| 102 |
|
|
|a UA
|
| 105 |
|
|
|a a j 000zy
|
| 200 |
1 |
|
|a Электроды для ручной дуговой сварки углеродистых и низколегированных конструкционных сталей
|e курс лекций для специалистов-сварщиков
|f А. Е. Марченко, И. Р. Явдощин
|g Академия наук Украинской ССР (АН УССР), Институт электросварки им. Е. О. Патона (ИЭС) ; Киевский политехнический институт (КПИ)
|
| 210 |
|
|
|a Киев
|c Наукова думка
|d 1983
|
| 215 |
|
|
|a 76 с.
|c ил.
|
| 606 |
1 |
|
|a Дуговая сварка
|x Оборудование
|2 stltpush
|3 (RuTPU)RU\TPU\subj\72753
|9 86157
|
| 610 |
1 |
|
|a ручная сварка
|
| 610 |
1 |
|
|a электроды
|
| 610 |
1 |
|
|a конструкционные стали
|
| 610 |
1 |
|
|a низколегированные стали
|
| 610 |
1 |
|
|a свойства
|
| 610 |
1 |
|
|a классификация
|
| 610 |
1 |
|
|a испытание
|
| 610 |
1 |
|
|a санитарно-гигиеническая оценка
|
| 610 |
1 |
|
|a учебные пособия
|
| 675 |
|
|
|a 621.791.75.03(075)
|v 3
|
| 700 |
|
1 |
|a Марченко
|b А. Е.
|g Анатолий Ефимович
|
| 701 |
|
1 |
|a Явдощин
|b И. Р.
|g Игорь Романович
|
| 712 |
0 |
2 |
|a Академия наук Украинской ССР (АН УССР)
|b Институт электросварки им. Е. О. Патона (ИЭС)
|c (Киев)
|2 stltpush
|3 (RuTPU)RU\TPU\col\13726
|
| 712 |
0 |
2 |
|a Киевский политехнический институт (КПИ)
|2 stltpush
|3 (RuTPU)RU\TPU\col\310
|
| 801 |
|
1 |
|a RU
|b 63413507
|c 20150403
|
| 801 |
|
2 |
|a RU
|b 63413507
|c 20180627
|g RCR
|
| 942 |
|
|
|c BK
|